000 00248nam a22001097a 4500
008 170126b xxu||||| |||| 00| 0 eng d
020 _a9781437723380
041 _aeng
080 _a61
245 _aVIRTUAL MEDICAL OFFICE
_cSMITH, L
942 _2udc
_cBK
999 _c3756
_d3756